| 000 | 00935nam a22002895a 4500 | ||
|---|---|---|---|
| 003 | EG-ScBUE | ||
| 005 | 20220331115039.0 | ||
| 008 | 150827r20001993le f d 000 1 eng d | ||
| 040 |
_aEG-ScBUE _beng _erda _cEG-ScBUE _dEG-ScBUE |
||
| 082 | 0 | 4 |
_a823.8 _bDIC _222 |
| 100 | 1 |
_aDickens, Charles, _d1812-1870, _eauthor. _935484 |
|
| 245 | 1 | 0 |
_aGreat expectations : _bwith an introduction, a guide, notes and a glossary / _cCharles Dickens. |
| 250 | _aReprinted edition. | ||
| 264 | 1 |
_aBeirut : _bYork Press, _c2000. |
|
| 300 |
_axxx; 478 pages : _c20 cm. |
||
| 336 |
_2rdacontent _atext _btxt |
||
| 337 |
_2rdamedia _aunmediated _bn |
||
| 338 |
_2rdacarrier _avolume _bnc |
||
| 490 | 0 | _aYork classics | |
| 500 | _aIncludes glossary. | ||
| 590 | _adoaa mohamed | ||
| 650 | 7 |
_aEnglish Fiction _y19th century. _2BUEsh |
|
| 651 | _2BUEsh | ||
| 653 |
_cAugust2015 _bHHUUEENN |
||
| 655 |
_vReading book _934232 |
||
| 942 |
_k823.8 DIC _2ddc _cBB |
||
| 999 |
_c20725 _d20697 |
||